Early Modern Conceptions of Property / (Record no. 613346)
[ view plain ]
| 000 -LEADER | |
|---|---|
| fixed length control field | 00332nam a22001217a 4500 |
| 020 ## - INTERNATIONAL STANDARD BOOK NUMBER | |
| International Standard Book Number | 9780415153140 |
| 245 ## - TITLE STATEMENT | |
| Title | Early Modern Conceptions of Property / |
| Statement of responsibility, etc. | Edited by John Brewer and Susan Staves |
| 260 ## - PUBLICATION, DISTRIBUTION, ETC. | |
| Place of publication, distribution, etc. | London : |
| Name of publisher, distributor, etc. | Routeldge, |
| Date of publication, distribution, etc. | 1996. |
| 300 ## - PHYSICAL DESCRIPTION | |
| Extent | 599 p. |
| 563 ## - BINDING INFORMATION | |
| Binding note | PB. |
| 650 ## - SUBJECT ADDED ENTRY--TOPICAL TERM | |
| Topical term or geographic name entry element | Law, property |
| 942 ## - ADDED ENTRY ELEMENTS (KOHA) | |
| Source of classification or shelving scheme | |
| Koha item type | Book |
| 650 ## - SUBJECT ADDED ENTRY--TOPICAL TERM | |
| -- | 128346 |
| Withdrawn status | Lost status | Source of classification or shelving scheme | Damaged status | Not for loan | Permanent Location | Current Location | Date acquired | Total Checkouts | Full call number | Barcode | Date last seen | Price effective from | Koha item type |
|---|---|---|---|---|---|---|---|---|---|---|---|---|---|
| NUST Law School (NLS) | NUST Law School (NLS) | 03/16/2025 | 306.32 EAR | NLS-1423 | 03/16/2025 | 03/16/2025 | Book |
